000 00734nam a22001697a 4500
999 _c60268
_d60268
003 Ge_BSU
005 20230623114520.0
008 230623s1977 ge ||||| |||| 00| 0 geo d
041 _ageo
080 _a008 კ-89
245 _aკულტურა, როგორც ფილოსოფიური კვლევის საგანი :
_b[სტატიების კრებული] /
_cრედ. თ. ბუაჩიძე; ფილოსოფიის ინ-ტი.
264 _aთბილისი :
_bმეცნიერება,
_c1977.
300 _a137 გვ. ;
_b21 სმ.
653 _aკულტურა
653 _aკულტურის ფილოსოფია
942 _2udc
_cBK